logo

Bir Sreshtho Munshi Abdur Rouf Library
Jhenaidah Cadet College

মাসিক বিজ্ঞান সাময়িকীর ৪০ বছর : (Record no. 1664)

MARC details
000 -LEADER
fixed length control field 00784nam a2200229 a 4500
001 - CONTROL NUMBER
JCCL Control Number 1664
003 - CONTROL NUMBER IDENTIFIER
JCCL marc code BD-JhCC
005 - DATE AND TIME OF LATEST TRANSACTION
control field 20180402200603.0
008 - FIXED-LENGTH DATA ELEMENTS--GENERAL INFORMATION
fixed length control field 171023s2000 bg |||| ||a| 000 0 ben d
020 ## - INTERNATIONAL STANDARD BOOK NUMBER
International Standard Book Number 9844102030
035 ## - SYSTEM CONTROL NUMBER
system control number (BD-JhCC)1664
040 ## - CATALOGING SOURCE
Original cataloging agency BD-JhCC
Modifying agency BD-JhCC
041 ## - LANGUAGE CODE
Language code of Book ben
082 ## - DEWEY DECIMAL CLASSIFICATION NUMBER
Classification number 500
Author mark and Year MAS 2000
245 ## - TITLE STATEMENT
Title মাসিক বিজ্ঞান সাময়িকীর ৪০ বছর :
Remainder of title নির্বাচিত রচনার সংকলন /
Statement of responsibility, etc মুহাম্মদ ইব্রাহীম,
260 ## - PUBLICATION, DISTRIBUTION, ETC. (IMPRINT)
Place of publication, distribution, etc ঢাকা :
Name of publisher, distributor, etc মাওলা ব্রাদার্স,
Date of publication, distribution, etc 2000
300 ## - PHYSICAL DESCRIPTION
Pagination 285 p. :
Dimensions 26 cm.
650 ## - SUBJECT ADDED ENTRY--TOPICAL TERM
Topical term or geographic name as entry element Science
700 ## - ADDED ENTRY--PERSONAL NAME
Personal name ইব্রাহীম, মুহাম্মদ
942 ## - ADDED ENTRY ELEMENTS (KOHA)
Source of classification or shelving scheme Dewey Decimal Classification
Koha item type Books
Holdings
Source of classification or shelving scheme Damaged status Not for loan Home library Current library Shelving location Source of acquisition Cost, normal purchase price Total Checkouts Full call number Barcode Date last seen Copy number Koha item type Date of accession
Dewey Decimal Classification     JCC Rouf Library JCC Rouf Library General Stacks Zahedee Foundation 300.00   500 MAS 2000 2898 10/23/2017 C-1 Books  
Dewey Decimal Classification     JCC Rouf Library JCC Rouf Library General Stacks   300.00   500 MAS 2000 5424 11/19/2017 C-2 Books 11/19/2017

JCC Library | Contacts | JCC Home

Last Update on 23 September 2017
Copyright @ 2017-2020 JCC Rouf Library
Rouf Library, Jhenidah Cadet College (JCC), Bangladesh